Statistics for World Capitals Without the Letter I

Click here to take the quiz!

General Stats

  • This quiz has been taken 52 times
  • The average score is 84 of 104

Answer Stats

Answer% Correct
Bucharest
100%
Budapest
100%
London
100%
Andorra la Vella
96%
Baghdad
96%
Bogota
96%
Cape Town
96%
Luxembourg
96%
Oslo
96%
Rabat
96%
Seoul
96%
Stockholm
96%
Zagreb
96%
Ankara
92%
Bern
92%
Brussels
92%
Canberra
92%
Caracas
92%
Havana
92%
Jerusalem
92%
Kuala Lumpur
92%
Managua
92%
Ottawa
92%
Rome
92%
Tokyo
92%
Amsterdam
88%
Dhaka
88%
Jakarta
88%
Maputo
88%
Monaco
88%
Moscow
88%
Nassau
88%
Vaduz
88%
Warsaw
88%
Abuja
84%
Accra
84%
Amman
84%
Athens
84%
Copenhagen
84%
Damascus
84%
Georgetown
84%
Juba
84%
Kabul
84%
Kathmandu
84%
Lome
84%
Male
84%
Skopje
84%
Suva
84%
Tehran
84%
Ulaanbaatar
84%
Yerevan
84%
Astana
80%
Baku
80%
Bangkok
80%
Doha
80%
Kampala
80%
Khartoum
80%
Luanda
80%
Muscat
80%
Port Moresby
80%
Prague
80%
San Salvador
80%
Tashkent
80%
Valletta
80%
Dakar
76%
La Paz
76%
Lusaka
76%
Porto Novo
76%
Pyongyang
76%
Ashgabat
72%
Bamako
72%
Basseterre
72%
Conakry
72%
Dodoma
72%
Dushanbe
72%
Freetown
72%
Harare
72%
Manama
72%
Ngerulmud
72%
Sana'a
72%
San Jose
72%
Yamoussoukro
72%
Yaounde
72%
Banjul
68%
Belgrade
68%
Belmopan
68%
Maseru
68%
Mbabane
68%
N'Djamena
68%
Nouakchott
68%
Ouagadougou
68%
Phnom Penh
68%
Roseau
68%
Sarajevo
68%
Yaren
68%
Asmara
64%
Gaborone
64%
Majuro
64%
Sao Tome
64%
South Tarawa
64%
Ljubljana
60%
Malabo
60%
Sucre
56%
Nuku'alofa
52%

Score Distribution

Percentile by Number Answered

Percent of People with Each Score

Your Score History

You have not taken this quiz